000 00738nmm a22002297a 4500
005 20170608085519.0
008 170512b xxu||||| |||| 00| 0 spa d
020 _a9589308813
041 _aspa
082 _a775 DC
100 _aThoumi, Samira
_942600
245 _aMotivación en los niños
260 _aColombia
260 _bGamma
260 _c2009
500 _aDisco interactivo con juegos y actividades para niños de 0 a 10 años.
500 _aEste disco compacto viene acompañado del libro Técnicas de la motivación infantil en la educación infantil. Tomo I. 0 a 2 años. 371.3/T525t.
650 _aHEMISFERIOS
_942608
650 _aDESTREZA VISUAL
_942609
650 _aDESTREZA AUDITIVA
_942610
942 _cCD
999 _c9391
_d9391